000 00763nam a22002177a 4500
005 2010072205365.0
010 _aG-001714
020 _c350.00
_a8188568133
035 _aG-001714
037 _bGift
082 _a793.4
100 _aDatta, A.K.
_91509
245 _aGames & stunts for children /
_cA.K. Datta
260 _aNew Delhi
_bKnowledge Plus
_c2009
270 _a6/15, Punjabi Bagh Extension
_bNew Delhi
_e110026
300 _a183p.
_c23cm (Hb)
500 _aIncludes bibliographical references and index
700 _92116
942 _2ddc
_cEN
_mDAT
_h793.4
999 _c57363
_d57363